Statistics for Cardiff City all-time top appearances

Click here to take the quiz!

General Stats

  • This quiz has been taken 6 times
  • The average score is 4 of 10

Answer Stats

AppsNationalityPlayer% Correct
382EnglandJoe Ralls
100%
457EnglandPeter Whittingham
100%
286IcelandAron Gunnarsson
80%
295EnglandSean Morrison
60%
278ScotlandDavid Marshall
40%
257WalesJoe Ledley
40%
289ScotlandKevin McNaughton
20%
226ScotlandNeil Alexander
0%
214WalesPaul Parry
0%
219IrelandStephen McPhail
0%

Score Distribution

Percentile by Number Answered

Percent of People with Each Score

Your Score History

You have not taken this quiz